Anne of the island

Anne Shirley has come a long way since her days as a mischievous orphan living in the house at Green Gables. She is now eighteen and headed to faraway Redmond College in Kingsport. Anne's college years are sure to be full of fun, but they will also be a time for soul-searching and big decisions...

Fuld beskrivelse

Đã lưu trong:
Bibliografiske detaljer
Hovedforfatter: Montgomery, L.M.
Format: Bog
Sprog:Vietnamese
Udgivet: New York Watermill press 1994
Fag:
Tags: Tilføj Tag
Ingen Tags, Vær først til at tagge denne postø!
Thư viện lưu trữ: Thư viện Trường Đại học Nam Cần Thơ
LEADER 00936nam a22001937a 4500
001 NCT_84001
008 200729b xxu||||| |||| 00| 0 vie d
999 |c 4138  |d 4138 
020 |a 0816728984 
082 0 4 |2 23rd ed.  |a 823  |b M788 
100 1 |a Montgomery, L.M. 
245 1 0 |a Anne of the island   |c L.M. Montgomery 
260 |a New York  |b Watermill press  |c 1994 
300 |a 275 p.  |c 20cm. 
520 3 |a Anne Shirley has come a long way since her days as a mischievous orphan living in the house at Green Gables. She is now eighteen and headed to faraway Redmond College in Kingsport. Anne's college years are sure to be full of fun, but they will also be a time for soul-searching and big decisions. 
653 |a Tham khảo 
942 |2 ddc  |c BK 
952 |0 0  |1 0  |2 ddc  |4 0  |6 823_000000000000000_M788  |7 0  |9 20173  |a 000001  |b 000001  |d 2020-07-29  |o 823 M788  |p TK.01030  |r 2020-07-29  |w 2020-07-29  |y BK 
980 |a Thư viện Trường Đại học Nam Cần Thơ